LEADER 02683oam 2200577I 450 001 9910965035203321 005 20240401182007.0 010 $a1-04-021191-7 010 $a0-429-16057-7 010 $a1-4822-2352-X 024 7 $a10.1201/b16668 035 $a(CKB)3710000000096897 035 $a(EBL)1398234 035 $a(SSID)ssj0001175421 035 $a(PQKBManifestationID)11772572 035 $a(PQKBTitleCode)TC0001175421 035 $a(PQKBWorkID)11116269 035 $a(PQKB)11304705 035 $a(MiAaPQ)EBC1398234 035 $a(OCoLC)857368685 035 $a(EXLCZ)993710000000096897 100 $a20180331h20142014 uy 0 101 0 $aeng 135 $aur|n|---||||| 181 $ctxt$2rdacontent 182 $cc$2rdamedia 183 $acr$2rdacarrier 200 00$aAdvances in chromatography$hVolume 52 /$feditors, Eli Grushka, Nelu Grinberg 205 $a1st ed. 210 1$aBoca Raton, FL :$cCRC Press,$d[2014] 210 4$dİ2014 215 $a1 online resource (262 p.) 225 1 $aAdvances in Chromatography 300 $aDescription based upon print version of record. 311 08$a1-4822-2350-3 320 $aIncludes bibliographical references at the end of each chapters. 327 $aFront Cover; Table of Contents; Contributors; Chapter 1: Advances in Aerosol-Based Detectors; Chapter 2: Integration of Analytical Techniques for Protein Biomarker Assays; Chapter 3: Multilinear Gradient Elution Optimization in Liquid Chromatography; Chapter 4: Analytical Separation of Enantiomers by Gas Chromatography on Chiral Stationary Phases; Chapter 5: Analysis of Dynamic Phenomena in Liquid Chromatographic Systems with Reactions in the Mobile Phase; Back Cover 330 $aPresenting the latest developments in the field for more than four decades, the Advances in Chromatography series is relied on by scientists and researchers for the most up-to-date information on a wide range of chromatographic methods and applications. Volume 52 continues this tradition with contributions by established, well-known chemists, offering cutting-edge reviews of chromatographic methods with applications in the life sciences.Featured topics includeThe history, development, and theory behind aerosol-based detectorsProtein and p 410 0$aAdvances in Chromatography 606 $aChromatographic analysis 615 0$aChromatographic analysis. 676 $a543.8 702 $aGrushka$b Eli 702 $aGrinberg$b Nelu$f1950- 801 0$bFlBoTFG 801 1$bFlBoTFG 801 2$bAzTeS 906 $aBOOK 912 $a9910965035203321 996 $aADVANCES in chromatography$9130544 997 $aUNINA LEADER 02110nam0 22005053i 450 001 NAP0395534 005 20251003044249.0 010 $a0131958844 100 $a20080131d1987 ||||0itac50 ba 101 | $aeng 102 $aus 181 1$6z01$ai $bxxxe 182 1$6z01$an 200 1 $aData structures and program design$fRobert L. Kruse 210 $a2. ed 215 $aEnglewood Cliffs (NJ)$cPrentice-Hall, c1987. -XVIII, 586 p.$d25 cm. 225 | $aPrentice-Hall software series 410 0$1001MIL0000747$12001 $aPrentice-Hall software series 606 $aArchivi di dati$xStruttura$2FIR$3CFIC055195$9I 606 $aElaboratori elettronici$xProgrammazione$2FIR$3CFIC000860$9E 606 $aElaboratori elettronici$xProgrammazione$xLinguaggio Pascal$2FIR$3SBLC003802$9I 676 $a005.1$9PROGRAMMAZIONE$v14 676 $a005.1$9PROGRAMMAZIONE$v22 696 $aBanche di dati$aData-base$aBanche dati$aFile di dati$aBasi dati$aArchivi dati$aData base$aArchivi elettronici di dati$aDB $aArchivi elettronici$aBasi di dati$aDatabase 699 $aArchivi di dati$yBanche di dati 699 $aArchivi di dati$yData-base 699 $aArchivi di dati$yBanche dati 699 $aArchivi di dati$yFile di dati 699 $aArchivi di dati$yBasi dati 699 $aArchivi di dati$yArchivi dati 699 $aArchivi di dati$yData base 699 $aArchivi di dati$yArchivi elettronici di dati 699 $aArchivi di dati$yDB 699 $aArchivi di dati$yArchivi elettronici 699 $aArchivi di dati$yBasi di dati 699 $aArchivi di dati$yDatabase 700 1$aKruse$b, Robert Leroy$f <1941- >$3NAPV106102$4070$066245 801 3$aIT$bIT-000000$c20080131 850 $aIT-BN0095 901 $bNAP 01$cSALA DING $n$ 912 $aNAP0395534 950 0$aBiblioteca Centralizzata di Ateneo$c1 v.$d 01SALA DING 005.1 KRU.da$e 0102 0000007285 VMA A4 1 v.$fY $h20080131$i20080131 977 $a 01 996 $aData structures and program design$9104091 997 $aUNISANNIO